Loading...
Towards a sociology of culture in India :essays in honour of professor D P Mukerji
| Main Author: | |
|---|---|
| Other Authors: | |
| Format: | Printed Book |
| Language: | Undetermined English |
| Published: |
Newdelhi
Prentice- Hall of India Pvt Ltd
1965
|
| Subjects: |
| LEADER | 00697nam a2200193Ia 4500 | ||
|---|---|---|---|
| 008 | 140306s9999 xx 000 0 und d | ||
| 041 | |a eng | ||
| 082 | |a 306 |b UNN | ||
| 100 | |a Unnithan T K N, Indra Deva | ||
| 245 | |a Towards a sociology of culture in India :essays in honour of professor D P Mukerji | ||
| 260 | |a Newdelhi |b Prentice- Hall of India Pvt Ltd |c 1965 | ||
| 300 | |a 441 | ||
| 650 | |a Culture-INdia-sociology | ||
| 650 | |a socio-cultural planning | ||
| 650 | |a sociology-culture-India | ||
| 700 | |a Yogendra Singh | ||
| 942 | |2 ddc |c BK | ||
| 999 | |c 65201 |d 65201 | ||
| 952 | |0 0 |1 0 |2 ddc |4 0 |6 306_000000000000000_UNN |7 0 |9 71537 |a KAUACV |b KAUACV |d 2004-05-24 |o 306 UNN |p KAU_ACV-7049 |r 2014-03-22 |w 2014-03-22 |y BK | ||